000 00242nam a2200097Ia 4500
001 687298
005 20250826161553.0
008 250824s9999 xx 000 0 und d
245 0 _aÇILGIN BABAM
_cZEYNEP CEMALİ
260 _bGÜNIŞIĞI YAYINLARI
999 _c687298
_d687298